|
|
|
|
| LEADER |
00000nab a2200000 ar4500 |
| 001 |
vtls011707999 |
| 003 |
SK-MaSNL |
| 005 |
20260305040307.0 |
| 008 |
170822c 2016xo mr|p|||||||000 b|slo |
| 038 |
|
|
|a SNSK
|
| 040 |
|
|
|b slo
|c SNSK
|e AACR2
|
| 041 |
|
|
|a slo
|
| 044 |
|
|
|a xo
|c SK
|
| 080 |
|
|
|a 728.6
|x (091)
|2 2011
|
| 080 |
|
|
|a 7.011.26
|x (437.6)
|2 2011
|
| 100 |
1 |
|
|a Malecová, Mária
|4 aut
|9 1555894
|
| 245 |
1 |
0 |
|a Naše kultúrne pamiatky
|b ľudový zrubový dom č. 12
|c Mária Malecová
|
| 300 |
|
|
|b Fotogr.
|
| 650 |
0 |
7 |
|a ľudová architektúra
|2 snsk
|9 2956
|
| 650 |
0 |
7 |
|a národné kultúrne pamiatky
|2 snsk
|9 31192
|
| 650 |
0 |
7 |
|a zrubové stavby
|2 snsk
|9 3691
|
| 651 |
|
7 |
|a Rudňany (Slovensko)
|2 snsk
|9 55588
|
| 651 |
|
7 |
|a Spišská Nová Ves (Slovensko : okres)
|2 snsk
|9 22259
|
| 773 |
0 |
|
|t Horizont : kultúrno-spoločenský mesačník obce Rudňany
|g Roč. XXIII., č. 4 (apríl 2016), s. 5
|x 1339-0422
|
| 852 |
|
|
|a SNSK
|b KIS3GCP
|
| 999 |
|
|
|c 3337721
|d 3339651
|